ნორმალური ფორმატი
MARC ფორმატი
ჩანაწერი Personal Name
ჩანაწერთა რაოდენობა, რომელიც გამოყენებულია: 1
001 - CONTROL NUMBER
- control field: 23596
003 - CONTROL NUMBER IDENTIFIER
- control field: GE_BSU
005 - DATE AND TIME OF LATEST TRANSACTION
- control field: 20241101110936.0
008 - FIXED-LENGTH DATA ELEMENTS
- fixed length control field: 241101|| aca||aabn | a|a d
040 ## - CATALOGING SOURCE
- Original cataloging agency: GE_BSU
- Transcribing agency: GE_BSU
100 ## - HEADING--PERSONAL NAME
- Personal name: მამულაიშვილი, ნორა
670 ## - SOURCE DATA FOUND
- Source citation: Work cat.: (GE_BSU): მამულაიშვილი, ნორა, ნობელების ნავთობსარეწაო მოღვაწეობის ტრადიციები საქართველოში და თანამედროვე ნავთობსამრეწველო ტექნოლოგიები = The traditions oil work of Nobels in Georgia and the modern technologies of the oil industry /
